000 00559nam a2200181 4500
001 5190
005 20181127174959.0
020 0 0 _a9788184951332
090 0 0 _a658.4042 P641c 2015
100 0 0 _aPillai, Radhakrishnan,
245 0 0 _aCorporate chanakya :
_bsuccessful management the chanakya way /
_cRadhakrishnan Pillai.
_h
260 0 0 _aAhmedabad :
_bJaico Publishing House,
_c2015.
300 0 0 _a317 p. ; 25 cm.
650 0 0 _aLeadership.
_x
650 0 0 _aManagement -- Moral and ethical aspects.
_x
650 0 0 _aTraining.
_x
999 _c4351
_d4351